000 00556nam a2200193 i 4500
001 88943
003 ES-MaACL
005 20230906175958.0
007 t|
008 041230s1996 it ||||1| fre d
020 _a88-7009-232-1
080 _a913(620)(036)
100 1 _aEll-Mallakh, Kamal.
_947018
245 1 3 _aLe Caire, Gizeh, Saqqarah, Memphis /
_cKamal El-Mallakh.
260 _aFlorence :
_bBonechi,
_c[1996]
300 _a63 p. :
_bil. col. ;
_c26 cm.
651 4 _aEgipto-
_vGuías turísticas.
_98142
852 _aES-MaACL
_jE-10777
_bR.134989
999 _c88943
_d88943